00886nam a2200241 i 4500001000300000100002600003245012100029260003800150300004000188650003400228650004200262650004400304655001100348700003900359700002700398015001700425020001500442040000800457041000800465080003200473008004100505856009800546bg1 aBUJAK, Adamd(1942- )10aSkarby klasztorów /cAdam Bujak ; [Leszek Sosnowski kompozycja wydawniczo-graficzna i red. ; wstęp Zofia Tracz]. aKraków :b"Biały Kruk",c2002. a213, [3] s. :bil. kolor. ;c32 cm. 9aFotografia polskayod 1989 r. 9aKlasztory (bud.)xikonografiazPolska 9aZakony żeńskiexikonografiazPolska aAlbumy1 aSOSNOWSKI, Leszekd(1948- ).eRed.1 aTRACZ, Zofia.ePrzedm. aPB 5834/2003 a838891815X cBPK0 apol a726.5/.7:271](438)(084.121) s pl f |000 0 pol  uhttp://koha.tu.koszalin.pl/cgi-bin/koha/opac-detail.pl?biblionumber=46401yKatalog online BPK